[Event "ECU-ch Schools U15 Clas1"]
[Site "Chess.com INT"]
[Date "2020.11.05"]
[Round "5"]
[White "Cardenas Coronel, Alex Steven"]
[Black "Songor Vire, Luis Carlos"]
[Result "1-0"]
[WhiteElo "183"]
[BlackElo "200"]
[PlyCount "55"]
[EventDate "2020.11.05"]
[EventType "swiss"]
[EventRounds "9"]
[EventCountry "ECU"]
[SourceTitle "EXT 2022"]
[Source "ChessBase"]
[SourceDate "2021.10.06"]
[SourceVersion "1"]
[SourceVersionDate "2021.10.06"]
[SourceQuality "1"]

1. e4 e5 2. Nf3 Nc6 3. Bc4 Nf6 4. d3 g6 5. Nc3 Bg7 6. Bg5 0-0 7. Nd5 d6 8. h3 Be6 9. Bxf6 Bxf6 10. Nxf6+ Qxf6 11. Bb3 d5 12. exd5 e4 13. dxe4 Ne5 14. dxe6 Nxf3+ 15. Qxf3 Qxb2 16. 0-0 fxe6 17. Bxe6+ Kg7 18. Qd3 Qf6 19. Bb3 Rad8 20. Qc4 Rd7 21. f3 c6 22. Qa4 a6 23. Qb4 b5 24. Qa5 Ra8 25. Qb6 Rd6 26. Qb7+ Qf7 27. Qxf7+ Kh6 28. Qf4+ 1-0

[Event "ECU-ch Schools U15 Clas1"]
[Site "Chess.com INT"]
[Date "2020.11.05"]
[Round "6"]
[White "Songor Vire, Luis Carlos"]
[Black "Castano Vargas, Gabriel Joshua"]
[Result "1-0"]
[WhiteElo "200"]
[BlackElo "186"]
[PlyCount "39"]
[EventDate "2020.11.05"]
[EventType "swiss"]
[EventRounds "9"]
[EventCountry "ECU"]
[SourceTitle "EXT 2022"]
[Source "ChessBase"]
[SourceDate "2021.10.06"]
[SourceVersion "1"]
[SourceVersionDate "2021.10.06"]
[SourceQuality "1"]

1. e4 e5 2. Nf3 Bc5 3. Nxe5 Nc6 4. Nxc6 bxc6 5. Nc3 Bd4 6. g3 Qg5 7. Bg2 Nf6 8. 0-0 Qc5 9. d3 Bxf2+ 10. Rxf2 Qd4 11. Qf3 Rb8 12. Be3 Qb4 13. b3 Qa3 14. Bd4 Qb2 15. Ne2 Qxa1+ 16. Bxa1 Bb7 17. Bxf6 gxf6 18. Qxf6 0-0 19. Rf4 d6 20. Rg4# 1-0

[Event "ECU-ch Schools U15 Clas1"]
[Site "Chess.com INT"]
[Date "2020.11.05"]
[Round "2"]
[White "Songor Vire, Luis Carlos"]
[Black "Gonzalez Gonzalez, Diego Ezequiel"]
[Result "0-1"]
[WhiteElo "200"]
[BlackElo "178"]
[PlyCount "27"]
[EventDate "2020.11.05"]
[EventType "swiss"]
[EventRounds "9"]
[EventCountry "ECU"]
[SourceTitle "EXT 2022"]
[Source "ChessBase"]
[SourceDate "2021.10.06"]
[SourceVersion "1"]
[SourceVersionDate "2021.10.06"]
[SourceQuality "1"]

1. e4 e5 2. Nf3 Nc6 3. Nc3 Bc5 4. Nd5 Nf6 5. Nxf6+ Qxf6 6. g3 Nd4 7. Bg2 d6 8. 0-0 Bg4 9. d3 Nxf3+ 10. Bxf3 Bxf3 11. Qe1 0-0 12. Be3 Qe6 13. Bxc5 Qh3 14. Qe2 0-1